Il Concorso Di Più Persone Nel Reato: (Record no. 74316)
[ view plain ]
| 000 -LEADER | |
|---|---|
| fixed length control field | 00898nam a2200277 i 4500 |
| 003 - CONTROL NUMBER IDENTIFIER | |
| control field | EG-GICUC |
| 005 - DATE AND TIME OF LATEST TRANSACTION | |
| control field | 20260429190043.0 |
| 008 - FIXED-LENGTH DATA ELEMENTS--GENERAL INFORMATION | |
| fixed length control field | 260429s1964 it ||||fr|||| 000 0 ita d |
| 040 ## - CATALOGING SOURCE | |
| Original cataloging agency | EG-GiCUC |
| Language of cataloging | ita |
| Transcribing agency | EG-GiCUC |
| Modifying agency | EG-GiCUC |
| Description conventions | rda |
| 082 04 - DEWEY DECIMAL CLASSIFICATION NUMBER | |
| Edition number | 21 |
| Classification number | 343.6 |
| Item number | MA . C |
| 092 04 - LOCALLY ASSIGNED DEWEY CALL NUMBER (OCLC) | |
| Edition number | 21 |
| 099 ## - LOCAL FREE-TEXT CALL NUMBER (OCLC) | |
| Classification number | Law1 10 343.6 MA . C 1964 |
| 100 1# - MAIN ENTRY--PERSONAL NAME | |
| Personal name | Maamoun Salama |
| Relator term | Author. |
| 245 13 - TITLE STATEMENT | |
| Title | Il Concorso Di Più Persone Nel Reato: |
| Remainder of title | Nella Dottrina E Nei Sistemi Penali Contemporanei / |
| Statement of responsibility, etc. | Maamoun Salama. |
| 264 #1 - PRODUCTION, PUBLICATION, DISTRIBUTION, MANUFACTURE, AND COPYRIGHT NOTICE | |
| Place of production, publication, distribution, manufacture | Rome : |
| Name of producer, publisher, distributor, manufacturer | Jandi Sapi Editori, |
| Date of production, publication, distribution, manufacture, or copyright notice | 1964. |
| 300 ## - PHYSICAL DESCRIPTION | |
| Extent | 214 pages : |
| Other physical details | illustrations, |
| Dimensions | 24 cm |
| 336 ## - CONTENT TYPE | |
| Source | rda content |
| Content type term | text |
| 337 ## - MEDIA TYPE | |
| Source | rda media |
| Media type term | Computer |
| 338 ## - CARRIER TYPE | |
| Source | rda carrier |
| Carrier type term | Online Resource |
| 546 ## - LANGUAGE NOTE | |
| Language note | Text in Italian |
| 650 14 - SUBJECT ADDED ENTRY--TOPICAL TERM | |
| Topical term or geographic name entry element | Criminal law |
| Source of heading or term | |
| 651 1# - SUBJECT ADDED ENTRY--GEOGRAPHIC NAME | |
| Source of heading or term | |
| 856 40 - ELECTRONIC LOCATION AND ACCESS | |
| Uniform Resource Identifier | <a href="https://fll.law.cu.edu.eg/fulltext/bks/B10-10842.pdf">https://fll.law.cu.edu.eg/fulltext/bks/B10-10842.pdf</a> |
| 905 ## - Cataloger and Reviser Names | |
| Cataloger Name: | Dina |
| 942 ## - ADDED ENTRY ELEMENTS (KOHA) | |
| Source of classification or shelving scheme | Dewey Decimal Classification |
| Koha item type | Books |
| Edition | 21 |
| Suppress in OPAC | No |
| Withdrawn status | Lost status | Source of classification or shelving scheme | Damaged status | Not for loan | Collection | Home library | Current library | Date acquired | Total checkouts | Full call number | Barcode | Date last seen | Copy number | Price effective from | Koha item type |
|---|---|---|---|---|---|---|---|---|---|---|---|---|---|---|---|
| Dewey Decimal Classification | Not for loan | القانون الجنائي | جــــامعة القــاهرة | مكتبة كلية الحقوق - المبنى الرئيسي | 29.04.2026 | Law1 10 343.6 MA . C 1964 1010842 C1 | B10-10842 | 29.04.2026 | 1 | 29.04.2026 | Books |